Algebra Moderna (Registro nro. 4204)

Detalles MARC
000 -LEADER
fixed length control field 00974 a2200205 4500
001 - CONTROL NUMBER
control field 46555
005 - DATE AND TIME OF LATEST TRANSACTION
control field 20260407155736.0
008 - FIXED-LENGTH DATA ELEMENTS--GENERAL INFORMATION
fixed length control field 260407a1991 arg spa d
003 - CONTROL NUMBER IDENTIFIER
control field AR-UNSa-BCEJYS
040 ## - CATALOGING SOURCE
Original cataloging agency AR-UNSa-BCEJYS
Language of cataloging spa
Transcribing agency AR-UNSa-BCEJYS
080 ## - UNIVERSAL DECIMAL CLASSIFICATION NUMBER
Universal Decimal Classification number 512/517
Common auxiliary subdivision Algebra/Análisis
020 ## - INTERNATIONAL STANDARD BOOK NUMBER
International Standard Book Number 968-422-917-8
100 1# - MAIN ENTRY--PERSONAL NAME
Personal name Ayres, Frank, Jr.
245 10 - TITLE STATEMENT
Title Algebra Moderna
264 #1 - PRODUCTION, PUBLICATION, DISTRIBUTION, MANUFACTURE, AND COPYRIGHT NOTICE
Place of production, publication, distribution, manufacture México :
Name of producer, publisher, distributor, manufacturer McGraw-Hill
Date of production, publication, distribution, manufacture, or copyright notice 1991
300 ## - PHYSICAL DESCRIPTION
Extent 242 p.
Dimensions 23 cm.
505 ## - FORMATTED CONTENTS NOTE
Formatted contents note 1. Conjuntos – 2. Relaciones y operaciones – 3. Los números naturales – 4. Los enteros – 5. Algunas propiedades de los enteros – 6. Los números racionales – 7. Los números reales – 8. Los números complejos – 9. Grupos – 10. Anillos – 11. Dominio de integridad, cuerpos – 12. Polinomios – 13. Espacios vectoriales – 14. Matrices – 15. Polinomios de matrices – 16. Algebras lineales – 17. Algebras boolianas.
590 ## - LOCAL NOTE (RLIN)
Local note niveau_biblio:m niveau_hierar:0
942 ## - ADDED ENTRY ELEMENTS (KOHA)
Koha item type
Existencias
Withdrawn status Lost status Damaged status Not for loan Home library Current library Shelving location Date acquired Total checkouts Full call number Barcode Date last seen Price effective from Koha item type
        Biblioteca Prof. Eusebio Cleto del Rey Biblioteca Prof. Eusebio Cleto del Rey   07/04/2026   512/517 A985 L69964 07/04/2026 07/04/2026 Libro
        Biblioteca Prof. Eusebio Cleto del Rey Biblioteca Prof. Eusebio Cleto del Rey   07/04/2026   512/517 A985 L69965 07/04/2026 07/04/2026 Libro